000 00623nam a22002417a 4500
001 39034
003 UA-OsUOA
005 20220209182537.0
007 ta
008 20060605b un ||||| |||| 00| 0 ukr d
020 _a966-7450-45-7
040 _aUA-OsUOA
_bukr
_cUA-OsUOA
_dUA-OsUOA
041 _aukr
080 _a23(042.3)
090 _a23(042.3)
_bТ39
100 _aТіссен Г. К.
245 _aЛекції з систематичної теології
260 _aЕдмонтон
_c2001
300 _a437 с.
650 7 _a2 Релігія. Теологія.
_2UDC
942 _cBK
_2udc
955 _a2
999 _c325179
_d325179